Generación del 2000? : muestra de poesía joven /

Saved in:
Bibliographic Details
Corporate Author: Claroscuro (Literary group)
Other Authors: Guevara, Pablo, 1930-2006.
Format: Book
Language:Spanish
Published: [Lima] : Círculo Abierto Editores, 2006.
Edition:1. ed.
Series:Serie Poesía (Círculo Abierto Editores)
Subjects:
Tags: Add Tag
No Tags, Be the first to tag this record!
LEADER 00856cam a22002774a 4500
001 010241663-X
005 20090622170002.0
008 061128s2006 pe 000 p spa c
020 |a 9972284506 
020 |a 9789972284502 
035 0 |a ocn123358826 
040 |a COO  |c COO  |d IXA  |d OCLCA 
042 |a pcc 
050 4 |a PQ8458.2  |b .G46 2006 
245 0 0 |a Generación del 2000? :  |b muestra de poesía joven /  |c selección e introducción de Claroscuro ; prólogo de Pablo Guevara. 
250 |a 1. ed. 
260 |a [Lima] :  |b Círculo Abierto Editores,  |c 2006. 
300 |a 170 p. ;  |c 19 cm. 
490 1 |a Serie Poesía 
650 0 |a Peruvian poetry  |y 21st century. 
710 2 |a Claroscuro (Literary group) 
700 1 |a Guevara, Pablo,  |d 1930-2006. 
830 0 |a Serie Poesía (Círculo Abierto Editores) 
988 |a 20070222 
049 |a HLSS 
906 |0 OCLC